You Make The Quiz- 300 Vegetables Stats

 Plays Quiz not verified by Sporcle

Support Sporcle.
Go Orange.
Score 0/14 Timer 20:00
0 Plays Today
Vegetable % Correct
Carrot
87.3%
Lettuce
70.4%
Potato
68.2%
Broccoli
67.6%
Pak Choi.
59.3%
Pea
58%
Corn
55.3%
Vegetable % Correct
Cucumber
54.3%
Celery
46.9%
Turnip
45%
Asparagus
44.1%
Beet
40.9%
Rhubarb
25.3%
Watercress
24.5%

You're not logged in!

Compare scores with friends on all Sporcle quizzes.
OR
Log In

From the Vault

10 Most Populated Cities of 5 Most Populated US States

by CCCP

If there's one thing this quiz taught us, it's that Illinois flies under the population radar.
Remove Ads.
Support Sporcle.
Get the best of Sporcle when you Go Orange. This ad-free experience offers more features, more stats, and more fun while also helping to support Sporcle. Thank you for becoming a member.

Show Comments

Extras

Top Quizzes Today


Score Distribution

Your Account Isn't Verified!

In order to create a playlist on Sporcle, you need to verify the email address you used during registration. Go to your Sporcle Settings to finish the process.

Report this User

Report this user for behavior that violates our Community Guidelines.

Details: